Представление документа в формате MARC21

Поле Инд. ПП Название Значение
Тип записи a
Библиографический уровень m
001 Контрольный номер fe6f9bc3-1ace-4a90-924f-e34baadb0a7b
005 Дата корректировки 20140226112508.5
008 Кодируемые данные 001207 d
020 a ISBN 5-09-001832-4
040 a Служба первич. каталог. НБ ТвГУ
041 a Код языка текста rus
080 a Индекс УДК 530.1(075.8)
084 a Индекс другой классификации/Индекс ББК В31я731-1
090 a Полочн. индекс В31
x Авторский знак М90
100 1_ a Автор Мултановский Вячеслав Всеволодович
245 a Заглавие Курс теоретической физики
b Продолж. заглавия Квантовая механика : Учеб. пособие для студентов физ.-мат. фак. пед. ин-тов
260 0_ a Место издания Москва
b Издательство Просвещение
c Дата издания 1991
300 a Объем 319,[1] с.
b Иллюстрации/ тип воспроизводства ил.
440 a Серия Учеб. пособие для пед. ин-тов
504 a Библиография Библиогр.:с.316
650 a Основная рубрика Физика теоретическая
x Основная подрубрика Учебники для вузов
650 a Основная рубрика Квантовая механика
653 a Ключевые слова Квантовая механика
a Ключевые слова Теоретическая физика
a Ключевые слова Физика
a Ключевые слова Учебники
700 1_ a Другие авторы Василевский Анатолий Семенович
e Роль лиц авт.
852 t Порядковый номер экземпляра 5
p Инвентарный номер 632503
p Инвентарный номер 632504
p Инвентарный номер 634845
p Инвентарный номер 651089
p Инвентарный номер 667362
p Инвентарный номер 5966 - 60 экз.
930 a Новая/Ретро учебники
999 a Подразделение 2 Фил3